The role of spiritual retreats in higher education: the necessity for, and difficulties with reflection on lasting values in a new public management context (Record no. 70558)

000 -LEADER
fixed length control field 01574pab a2200169 454500
008 - FIXED-LENGTH DATA ELEMENTS--GENERAL INFORMATION
fixed length control field 180718b2006 xxu||||| |||| 00| 0 eng d
100 ## - MAIN ENTRY--PERSONAL NAME
Personal name Lips-Wiersma, Marjolein
245 ## - TITLE STATEMENT
Title The role of spiritual retreats in higher education: the necessity for, and difficulties with reflection on lasting values in a new public management context
260 ## - PUBLICATION, DISTRIBUTION, ETC.
Date of publication, distribution, etc. 2006
300 ## - PHYSICAL DESCRIPTION
Extent p.123-33.
362 ## - DATES OF PUBLICATION AND/OR SEQUENTIAL DESIGNATION
Dates of publication and/or sequential designation May
520 ## - SUMMARY, ETC.
Summary, etc. This article describes the results of an in depth grounded theory (GT) study on the role of retreats in a higher education organisation. The research objective is to study the impact of 2-day spiritual retreats, offered to employees, on the individual and the organisation. It was found that there is significant value in an organisation providing employees with structured reflection time. The retreats enable employees to become (re) acquainted with self and prioritise deeper values, make conscious choices based on such values and re-assess balance between different roles and priorities. The benefit to the organisation is an appreciation for, and understanding of, fellow workers as well as enhanced loyalty. Furthermore, directors reported that employees became pro-active in taking steps to align work and values. This study empirically substantiates the importance of an organisation taking responsibility for employees reconnecting with their values, particularly in a New Public Management context. - Reproduced.
650 ## - SUBJECT ADDED ENTRY--TOPICAL TERM
Topical term or geographic name entry element Higher education
650 ## - SUBJECT ADDED ENTRY--TOPICAL TERM
Topical term or geographic name entry element Public administration
773 ## - HOST ITEM ENTRY
Main entry heading Public Administration and Development
909 ## -
-- 70558
Holdings
Withdrawn status Lost status Damaged status Not for loan Permanent Location Current Location Date acquired Serial Enumeration / chronology Barcode Date last seen Price effective from Koha item type
        Indian Institute of Public Administration Indian Institute of Public Administration 2018-07-19 Volume no: 26, Issue no: 2 AR71018 2018-07-19 2018-07-19 Articles

Powered by Koha